Sondage - Peut-on séparer l'œuvre de l'artiste ? - Statistiques

Statistiques générales
  • Ce quiz a été pris 34 fois
  • Le résultat moyen est 3 sur 8
Answers on the Grid
Answers color-coded by a green-red scale on the quiz's grid according to % correct below.
Sélectionne
Sélectionne
Sélectionne
Sélectionne
Oui
Oui
Non
Non
Sélectionne
Sélectionne
Sélectionne
Sélectionne
 
Statistiques - réponses
Réponse % Correct
Sélectionne
73%
Sélectionne
43%
Sélectionne
37%
Sélectionne
37%
Sélectionne
33%
Sélectionne
30%
Sélectionne
30%
Sélectionne
27%
Aucun quiz correspondant
Distribution des résultats
% des personnes avec chaque résultat
Percentile par nombre de réponses
Votre historique - résultats
Vous n’avez pas pris ce quiz